000 00994cam a22003257a 4500
001 000023676
003 CHAP
005 20220329134604.0
008 971013s1974 r 00010 d
010 _a22630
011 _a23602
035 _a27698
040 _cCHAP
090 _aFolleto 4445
100 0 0 _aAvbiniovurue Ekpere, Johnson.
_98485
245 1 2 _aA comparative study of job performance under two approaches to agricultural extension organization.
260 _aMadison, Land Tenure :
_bCenter,
_c1974.
300 _a70 p.
490 0 _aResearch paper
_v; 61
590 _aBATCH-UPD
_b10
_c20130110
_lUCH01
_h2039
590 _aBATCH-UPD
_b10
_c20130410
_lUCH01
_h1354
590 _aBATCH-UPD
_b10
_c20130914
_lUCH01
_h0535
590 _aCONVERSION
_b10
_c20130109
_lUCH01
_h1313
590 _aE6096MTM
_b05
_c20171005
_lUCH01
_h1343
650 1 4 _aExtensión agrícola
_xAfrica.
_939145
830 0 _aResearch paper
_v; 61
_996073
901 _aBK
942 _cFOLL
942 _n0
999 _c22630
_d22630